Statistics for Mapa Evropy Kvíz

Click here to take the quiz!

General Stats

  • This quiz has been taken 523 times
  • The average score is 32 of 45

Answers on the Map

Answers color-coded by a green-red scale on the quiz's map according to % correct below.
 

Answer Stats

Answer% Correct
Itálie
91%
Portugalsko
91%
Španělsko
91%
Spojené království
90%
Rusko
89%
Francie
88%
Island
88%
Irsko
87%
Německo
85%
Polsko
85%
Česká Republika
84%
Norsko
82%
Rakousko
82%
Slovensko
82%
Ukrajina
81%
Dánsko
80%
Finsko
80%
Řecko
80%
Belgie
78%
Švédsko
77%
Bělorusko
74%
Švýcarsko
74%
Chorvatsko
71%
Estonsko
71%
Nizozemsko
71%
Lucembursko
69%
Vatikán
68%
Maďarsko
66%
Malta
66%
Lotyšsko
64%
Slovinsko
64%
Bulharsko
63%
Rumunsko
63%
Andorra
61%
San Marino
61%
Monako
60%
Lichtenštejnsko
59%
Litva
59%
Moldavsko
58%
Bosna a Hercegovina
57%
Albánie
54%
Srbsko
54%
Černá Hora
52%
Kosovo
52%
Makedonie
48%

Score Distribution

Percentile by Number Answered

Percent of People with Each Score

Your Score History

You have not taken this quiz